Estatísticas para Quiz de São Vicente e Granadinas

Clique aqui para jogar o quiz

Estatísticas Gerais

  • Esse quiz foi jogado 355 vezes
  • A pontuação média é 9 de 13

Estatísticas das Respostas

DicaResposta% Correto
Língua oficialInglês
96%
Mar que fica no leste de São VicenteCaribe
90%
Moeda oficialDólar
89%
Países mais próximosSanta Lúcia
83%
Países mais próximosGranada
82%
Arquipélago que inclui o acimaPequenas {Antilhas}
73%
Primeiro europeu a visitar São Vicente em 22 de Janeiro de 1498Cristóvão Colombo
71%
Língua mais falada{Crioulo} de São
Vicente e Granadinas
64%
CapitalKingstown
56%
Maior denominação cristã (começa com A){Anglica}nismo
54%
Tipo de desastre que matou 1.680 pessoas em 1902Erupção vulcânica
50%
Fruta que William Bligh, do HMS Bounty, trouxe do Taiti para São VicenteFruta-{pão}
43%
Antigo forte Britânico próximo da capitalForte {Charlotte}
21%

Distribuição das Pontuações

Percentil de Números Respondidos

Porcentagem de Pessoas com Cada Pontuação

Sua Pontuação Histórica

Você não jogou esse quiz